1721 1762 1651 1981 1541 1094 1732 1532 1269 1462 1474 1724 1958 1921 1238 1150 1285 1867 1358 1057 1585 1456 1763 1898 1535 1332 1392 1155 1251 1715 1586 1449 1776 1808 1162 1033 1016 1063 1477 1811 1321 1020 1198 1062 1253 1939 1642 1710 1703 1552 1382 1612 1075 1177 1637 1564 1129 1671 1762 1777 1511 1853 1103 1570 1080 1671 1707 1861 1960 1334 1024 1555 1483 1482 1960 1258 1975 1622 1673 1884 1313 1215 1838 1803 1114 1393 1035 1293 1174 1762 1033 1604 1130 1086 1418 1558 1524 1753 1850 BCNSPRNW ULIB Ver.6.0+V

เปลี่ยนเป็นภาษาไทย

Change to English
 แสดงรายละเอียดบรรณานุกรม
  กลับหน้าหลัก

Brief Record : Get Marc (ISO 2709) : E-mail record : QR code < ปิดหน้าต่าง
LEADER : 00000nam 2200000uu 4500
001    13399112709
003     ULIB
008    110905s2543||||th 000 0 tha d
020    9743467823
050  4 LB3^bท125ก ล.2 2543
111 2  การประชุมระดับชาติ"บัณฑิตอุดมคติไทย"^n(ครั้งที่ 4 :^d2543:^cทบวงมหาวิทยาลัย)
245 10 กระบวนการผูกพันธมิตรวิชาชีพ2 ในการประชุมระดับชาติครั้งที 4"บัณฑิตอุดมคติไทย" ระหว่างวันที่ 14-17 พฤศจิกายน 2543 ณ อาคารเฉลิมพระบารมี 50 ปี /^cจัดโดย ทบวงมหาวิทยาลัย โครงการพัฒนาบัณฑิตอุดมคติไทย สำนักมาตรฐานอุดมศึกษา สำนักงานปลัดทบวงมหาวิทยาลัย
246 30 บัณฑิตอุดมคติไทย
260    กรุงเทพฯ :^bโครงการพัฒนาบัณฑิตอุดมคติไทย,สำนักมาตรฐานอุดมศึกษา สำนักงานปลัดทบวง,^c2543
300    2 ล. ;^c26 ซม.
650  4 สถาบันอุดมศึกษา^zไทย^vการประชุม
650  4 อาจารย์มหาวิทยาลัย^vการประชุม
710 2  ทบวงมหาวิทยาลัย. ^bสำนักมาตรฐานอุดมศึกษา.^bโครงการพัฒนาบัณฑิตอุดมศึกษา
945    ^p0^l0^i013483
945    ^p0^l0^i015486
995    ทศพร
999 ^a ทศพร
รายการนี้ยังไม่มีแท็ก
คุณยังไม่ได้ล็อกอิน คุณสามารถมีกิจกรรมร่วมกับเว็บไซต์ได้ แต่ต้องล็อกอินก่อน ::
  ล็อกอิน

รายการสื่อสารสนเทศ

ลำดับที่ ประเภท เลขเรียก/บาร์โค้ด สถานที่ สถานะ
- ไม่พบข้อมูล -

BibComment


ยังไม่เคยถูกคอมเมนท์

คอมเมนท์ทรัพยากรรายการนี้
  คอมเมนท์: กระบวนการผูกพันธม..


 Copyright 2026. Bcnsprnw @Library